THE ORIGINS OF THE SECOND WORLD WAR (Record no. 1080121)

MARC details
000 -LEADER
fixed length control field 00481nam a2200193Ia 4500
008 - FIXED-LENGTH DATA ELEMENTS--GENERAL INFORMATION
fixed length control field 151119s9999||||xx |||||||||||||| ||und||
082 ## - DEWEY DECIMAL CLASSIFICATION NUMBER
Classification number 940.54
082 ## - DEWEY DECIMAL CLASSIFICATION NUMBER
Item number GKKV27691
100 ## - MAIN ENTRY--PERSONAL NAME
Personal name TAYLOR A J P
245 ## - TITLE STATEMENT
Title THE ORIGINS OF THE SECOND WORLD WAR
260 ## - PUBLICATION, DISTRIBUTION, ETC. (IMPRINT)
Place of publication, distribution, etc --
260 ## - PUBLICATION, DISTRIBUTION, ETC. (IMPRINT)
Name of publisher, distributor, etc --
260 ## - PUBLICATION, DISTRIBUTION, ETC. (IMPRINT)
Date of publication, distribution, etc 0
600 ## - SUBJECT ADDED ENTRY--PERSONAL NAME
Personal name TAYLOR A J P
630 ## - SUBJECT ADDED ENTRY--UNIFORM TITLE
Uniform title THE ORIGINS OF THE SECOND WORLD WAR
700 ## - ADDED ENTRY--PERSONAL NAME
Personal name TAYLOR A J P
730 ## - ADDED ENTRY--UNIFORM TITLE
Uniform title THE ORIGINS OF THE SECOND WORLD WAR
942 ## - ADDED ENTRY ELEMENTS (KOHA)
Koha item type Book
Holdings
Withdrawn status Lost status Damaged status Not for loan Home library Current library Date acquired Cost, normal purchase price Total Checkouts Full call number Barcode Date last seen Cost, replacement price Price effective from Koha item type
        G.K. Khandekar Vachanalaya, Mulund G.K. Khandekar Vachanalaya, Mulund 11/09/2012 0.00   GKKV27691 GKKV27691 11/19/2015 0.00 11/19/2015 Book